| 000 | 01129njm a22002777a 4500 | ||
|---|---|---|---|
| 005 | 2010091003103.0 | ||
| 007 | sd ammalaaahaa | ||
| 008 | 100901t xxu||||| |||| 00| 0 hin d | ||
| 028 |
_aN.55660 _bHis Master's Voice |
||
| 028 |
_aOJE.27583 _bHis Master's Voice |
||
| 035 | _aGR-01812 | ||
| 040 | _aSED/VEN | ||
| 100 |
_917815 _aBhosle, Asha |
||
| 245 |
_aAulad/ _cby Asha Bhosle, Manna Dey & Suman Kalyanpur : Music by Chitragupta _h[sound recording] : _bHindustani |
||
| 246 | _aऔलाद (आशा भोसले,मन्ना डे & सुमन कल्यानपुर) | ||
| 260 |
_aDum Dum, India _bHis Master's Voice _c1964 |
||
| 300 |
_a1 sound disc : _banalog, 33 1/3 rpm _c10 in. |
||
| 500 | G | _aBrief record | |
| 505 | _aSide-1 Jodi hamari (जोड़ी हमारी), Side-2 Dagaabajhi piyaa (दगाबझी पीया) | ||
| 650 |
_aClassical music _xExcerpts _zIndia _917813 |
||
| 700 |
_918219 _aDey, Manna |
||
| 700 |
_918220 _aKalyanpur, Suman |
||
| 700 |
_919343 _aChitragupta |
||
| 942 |
_2ddc _cGR |
||
| 999 |
_c45054 _d45054 |
||